000 00320nam a2200133Ia 4500
003 OSt
005 20240202121050.0
008 170524s9999 xx 000 0 und d
020 _a, 0534938426
040 _cIIMT UNIVERSITY MEERUT
100 _aRAFIQUZZAMEN-M
245 0 _aMODERN COMPUTER ARCHITECHTURE
942 _2ddc
_c02
999 _c3912
_d3912